00521nam a2200157Ia 45000010005000000030007000050080041000120200018000530400011000710800010000822450119000922600009002113000014002205410010002346530119002441524GE_BSU181216s||||||||xx |||||||||||||| ||und|| a9781937271015 cGE_BSU a32(7) 2aA Proclamation to the Goverment officials of the United States of America and to the Goverment officials of Canada c2010 a17стр. h2Gel. aA Proclamation to the Goverment officials of the United States of America and to the Goverment officials of Canada